Industrias pequeñas para países en desarrollo
I tiakina i:
| Kaituhi matua: | |
|---|---|
| Ētahi atu kaituhi: | |
| Hōputu: | Pukapuka |
| Reo: | Pāniora |
| I whakaputaina: |
Ciudad de México
Roble
1968
|
| Ngā marau: | |
| Ngā Tūtohu: |
Tāpirihia he Tūtohu
Kāore He Tūtohu, Me noho koe te mea tuatahi ki te tūtohu i tēnei pūkete!
|
MARC
| LEADER | 00000nam a2200000 a 4500 | ||
|---|---|---|---|
| 001 | UCT6134 | ||
| 003 | CL-VaPUC | ||
| 008 | 961230e19680000MX |||||||||||||||||spa|d | ||
| 082 | 0 | 4 | |a 338.7 |b STA |2 21 |
| 100 | 0 | |a Staley, Eugene |e author |9 375950 | |
| 700 | |a Morse, Richard McGee |e autor |9 519151 | ||
| 245 | 1 | 0 | |a Industrias pequeñas para países en desarrollo |
| 300 | |a 599 p | ||
| 942 | |c BK | ||
| 945 | |d 19961230 00:00:00 |a nastorga | ||
| 260 | |a Ciudad de México |b Roble |c 1968 | ||
| 650 | 7 | |a PEQUEÑA INDUSTRIA |2 CL-VaPUC |9 319814 | |
| 650 | 0 | |a Países en desarrollo |9 259663 | |
| 650 | 0 | |a Artesanías |9 266634 | |
| 650 | 0 | |a Economía |9 255568 | |
| 650 | 7 | |a RECURSOS |2 CL-VaPUC |9 338276 | |
| 650 | 7 | |a ESTRATEGIA DE DESARROLLO |2 CL-VaPUC |9 345262 | |
| 650 | 7 | |a PERSONAL |2 CL-VaPUC |9 343747 | |
| 650 | 7 | |a DESCENTRALIZACION |2 CL-VaPUC |9 311229 | |
| 583 | |a last modification |c 19961230 00:00:00 |k Rodrigo Vera | ||
| 999 | |c 254859 |d 254857 | ||
| 952 | |0 0 |1 0 |4 0 |6 338_700000000000000_STA_1968 |7 0 |8 A |9 276795 |a BIBENE |b BIBENE |d 2019-11-19 |i 3265099 |o 338.7 STA 1968 |p 3265099 |r 2025-01-15 |w 2019-11-19 |y BK |k ICO | ||